000 00489nam a2200181Ia 4500
008 090123s9999 xx 000 0 und d
082 _b39759
100 _aपाटील वसंत
245 _aछप्पर
250 _a1
260 _bनिर्मोही प्रकाशन
_c2006
300 _a190
600 _aपाटील वसंत
630 _aछप्पर
700 _aपाटील वसंत
730 _aछप्पर
942 _cBOOK
999 _c77831
_d77831